[Event "GER-ch Candidates 96th"]
[Site "Munich"]
[Date "2025.05.20"]
[Round "5"]
[White "Spitzl, Vinzent"]
[Black "Polster, Christian"]
[Result "1-0"]
[WhiteElo "2355"]
[BlackElo "2295"]
[PlyCount "51"]
[EventDate "2025.05.17"]
[EventType "swiss"]
[EventRounds "9"]
[EventCountry "GER"]
[SourceTitle "CB22_2025"]
[SourceDate "2025.05.28"]
[SourceVersion "1"]
[SourceVersionDate "2025.05.28"]
[SourceQuality "1"]

1. d3 g6 2. f4 d5 3. g3 Bg7 4. Nf3 Nh6 5. Bg2 0-0 6. 0-0 d4 7. c3 c5 8. e4 dxe3 9. Bxe3 Qc7 10. Nbd2 Ng4 11. Qe2 Nxe3 12. Qxe3 b6 13. f5 Nc6 14. fxg6 hxg6 15. Rf2 Bb7 16. Raf1 Rad8 17. Ng5 Ne5 18. Qf4 Bf6 19. Bxb7 Bxg5 20. Qxg5 f6 21. Qh6 Qxb7 22. Nc4 Rd5 23. Nxe5 Rxe5 24. Qxg6+ Kh8 25. Rf4 Re2 26. Rh4# 1-0

[Event "Karlsruhe Grenke op"]
[Site "Karlsruhe"]
[Date "2025.04.20"]
[Round "7"]
[White "Indjic, Aleksandar"]
[Black "Spitzl, Vinzent"]
[Result "1-0"]
[WhiteElo "2644"]
[BlackElo "2353"]
[PlyCount "45"]
[EventDate "2025.04.17"]
[EventType "swiss"]
[EventRounds "9"]
[EventCountry "GER"]
[SourceTitle "CB17_2025"]
[SourceDate "2025.04.23"]
[SourceVersion "1"]
[SourceVersionDate "2025.04.23"]
[SourceQuality "1"]

1. c4 e6 2. Nf3 d5 3. e3 Nf6 4. Nc3 Be7 5. b3 0-0 6. Bb2 c5 7. cxd5 Nxd5 8. Qc2 Nd7 9. h4 Nxc3 10. dxc3 Qc7 11. 0-0-0 e5 12. Ng5 Nf6 13. c4 a5 14. f4 e4 15. Nxe4 Nxe4 16. Qxe4 a4 17. Bd3 g6 18. h5 Ra6 19. hxg6 fxg6 20. Rxh7 Kxh7 21. Rh1+ Kg8 22. Qd5+ Be6 23. Rh8+ 1-0

[Event "Titled Tuesday intern op 21st Jan Late"]
[Site "Chess.com INT"]
[Date "2025.01.21"]
[Round "4"]
[White "Montano Vicente, Guadalupe"]
[Black "Spitzl, Vinzent"]
[Result "0-1"]
[WhiteElo "1970"]
[BlackElo "2364"]
[PlyCount "56"]
[EventDate "2025.01.21"]
[EventType "swiss (blitz)"]
[EventRounds "11"]
[EventCountry "USA"]
[SourceTitle "CB05_2025"]
[SourceDate "2025.01.29"]
[SourceVersion "1"]
[SourceVersionDate "2025.01.29"]
[SourceQuality "1"]

1. d4 Nf6 2. c4 e6 3. Nf3 d5 4. Nc3 Be7 5. Bg5 0-0 6. e3 h6 7. Bh4 b6 8. Be2 Bb7 9. Bxf6 Bxf6 10. cxd5 exd5 11. Rc1 c6 12. 0-0 Nd7 13. b4 a5 14. a3 axb4 15. axb4 b5 16. e4 dxe4 17. Nxe4 Be7 18. Nc5 Nxc5 19. dxc5 Qxd1 20. Rfxd1 Rfd8 21. h3 Bf6 22. Rxd8+ Rxd8 23. Rc2 Bc8 24. g4 Be6 25. Kg2 Ra8 26. Kg3 Ra4 27. h4 g5 28. hxg5 hxg5 0-1

[Event "Titled Tuesday intern op 18th Jun Late"]
[Site "Chess.com INT"]
[Date "2024.06.18"]
[Round "4"]
[White "Golubev, Mikhail"]
[Black "Spitzl, Vinzent"]
[Result "1-0"]
[WhiteElo "2461"]
[BlackElo "2377"]
[PlyCount "57"]
[EventDate "2024.06.18"]
[EventType "swiss (blitz)"]
[EventRounds "11"]
[EventCountry "USA"]
[SourceTitle "EXT 2025"]
[Source "ChessBase"]
[SourceDate "2024.10.14"]
[SourceVersion "1"]
[SourceVersionDate "2024.10.14"]
[SourceQuality "1"]

1. e4 c5 2. Nf3 d6 3. d4 cxd4 4. Nxd4 Nf6 5. Nc3 a6 6. Bc4 e6 7. Bb3 Nc6 8. Be3 Be7 9. Qe2 Qc7 10. 0-0-0 Na5 11. g4 Nxb3+ 12. axb3 b5 13. g5 Nd7 14. h4 Bb7 15. f3 b4 16. Na4 Nc5 17. h5 Nxa4 18. bxa4 Qd7 19. g6 Qxa4 20. Kb1 Bf6 21. gxf7+ Kxf7 22. Qc4 Rhe8 23. Nf5 d5 24. Qc7+ Kg8 25. Rhg1 exf5 26. Rxg7+ Bxg7 27. Rg1 Qxc2+ 28. Qxc2 fxe4 29. Qc7 1-0

[Event "Titled Tuesday intern op 16th Apr Early"]
[Site "Chess.com INT"]
[Date "2024.04.16"]
[Round "11"]
[White "Ibadov, Dashgyn"]
[Black "Spitzl, Vinzent"]
[Result "1-0"]
[WhiteElo "2376"]
[BlackElo "2365"]
[PlyCount "85"]
[EventDate "2024.04.16"]
[EventType "swiss (blitz)"]
[EventRounds "11"]
[EventCountry "USA"]
[SourceTitle "CBM 219 Extra"]
[Source "ChessBase"]
[SourceDate "2024.05.31"]
[SourceVersion "1"]
[SourceVersionDate "2024.05.31"]
[SourceQuality "1"]

1. e4 d5 2. exd5 Qxd5 3. Nc3 Qd8 4. d4 Nf6 5. Nf3 g6 6. Bg5 Bg7 7. Bc4 0-0 8. 0-0 a6 9. a4 Nc6 10. h3 b6 11. Qd2 Bb7 12. Rad1 Nb4 13. d5 c6 14. dxc6 Qxd2 15. Rxd2 Nxc6 16. Rfd1 Rfd8 17. Be3 b5 18. axb5 axb5 19. Rxd8+ Nxd8 20. Nxb5 Ne4 21. c3 Rc8 22. Bd5 Bxd5 23. Rxd5 Ne6 24. Nfd4 N6c5 25. Na7 Ra8 26. Ndc6 Na4 27. f3 Nf6 28. Rd2 e6 29. Kf2 Nd5 30. Bd4 Bf8 31. c4 Nf4 32. b3 Nc5 33. b4 Nb3 34. Rd1 Nxd4 35. Rxd4 e5 36. Rxf4 exf4 37. c5 f5 38. Ke2 Kf7 39. Kd3 Ke6 40. Kc4 g5 41. b5 g4 42. b6 Re8 43. b7 1-0

[Event "Titled Tuesday intern op 16th Apr Early"]
[Site "Chess.com INT"]
[Date "2024.04.16"]
[Round "3"]
[White "Palencia Morales, Wilson Guillermo"]
[Black "Spitzl, Vinzent"]
[Result "0-1"]
[WhiteElo "2188"]
[BlackElo "2365"]
[PlyCount "92"]
[EventDate "2024.04.16"]
[EventType "swiss (blitz)"]
[EventRounds "11"]
[EventCountry "USA"]
[SourceTitle "CBM 219 Extra"]
[Source "ChessBase"]
[SourceDate "2024.05.31"]
[SourceVersion "1"]
[SourceVersionDate "2024.05.31"]
[SourceQuality "1"]

1. d4 Nf6 2. c4 e6 3. Nf3 d5 4. Nc3 Bb4 5. Bg5 h6 6. Bxf6 Qxf6 7. Qa4+ Nc6 8. e3 0-0 9. Rc1 Bd7 10. Qc2 Rfe8 11. Be2 dxc4 12. 0-0 e5 13. Nd5 Qd6 14. Nxb4 Qxb4 15. d5 Na5 16. Bxc4 Nxc4 17. Qxc4 Qxc4 18. Rxc4 Bb5 19. Rxc7 Bxf1 20. Kxf1 e4 21. Nd4 Red8 22. Nf5 Kf8 23. d6 Rac8 24. Rxb7 Rb8 25. Rxb8 Rxb8 26. b3 Rb5 27. g4 h5 28. h3 hxg4 29. hxg4 g6 30. Ne7 Ke8 31. Nc6 a6 32. Nd4 Rd5 33. Ke2 Rxd6 34. Kd2 Kd7 35. b4 f5 36. gxf5 gxf5 37. Kc3 Rf6 38. f4 exf3 39. Nxf3 Kd6 40. Kd4 Rh6 41. a4 Rh3 42. Nd2 Rh4+ 43. Kc3 Kd5 44. Nb3 Rh3 45. Kd3 f4 46. Nd2 Rxe3+ 0-1

[Event "Titled Tuesday intern op 16th Apr Early"]
[Site "Chess.com INT"]
[Date "2024.04.16"]
[Round "9"]
[White "Spitzl, Vinzent"]
[Black "Gokhale, Rishabh Chandrashek"]
[Result "0-1"]
[WhiteElo "2365"]
[BlackElo "2079"]
[PlyCount "66"]
[EventDate "2024.04.16"]
[EventType "swiss (blitz)"]
[EventRounds "11"]
[EventCountry "USA"]
[SourceTitle "CBM 219 Extra"]
[Source "ChessBase"]
[SourceDate "2024.05.31"]
[SourceVersion "1"]
[SourceVersionDate "2024.05.31"]
[SourceQuality "1"]

1. d4 d5 2. Nf3 Nf6 3. c4 c6 4. Nc3 e6 5. e3 Nbd7 6. Be2 Bd6 7. b3 0-0 8. 0-0 b6 9. Qc2 Bb7 10. Rd1 Qe7 11. Bb2 Rfe8 12. h3 Rad8 13. Nb1 c5 14. Nbd2 cxd4 15. exd4 Ne4 16. Nxe4 dxe4 17. Ne5 Nxe5 18. dxe5 Bc5 19. Rxd8 Rxd8 20. Rd1 e3 21. f3 Rd2 22. Rxd2 exd2+ 23. Kh2 Qg5 24. Qd3 h5 25. Bc3 Be3 26. b4 h4 27. c5 Qg3+ 28. Kh1 Qe1+ 29. Bf1 d1Q 30. Bxe1 Qxe1 31. Qd8+ Kh7 32. Qd3+ Kh6 33. cxb6 Qf2 0-1

[Event "Titled Tuesday intern op 16th Apr Late"]
[Site "Chess.com INT"]
[Date "2024.04.16"]
[Round "6"]
[White "Spitzl, Vinzent"]
[Black "Quirke, Jeffrey"]
[Result "1-0"]
[WhiteElo "2365"]
[BlackElo "1992"]
[PlyCount "91"]
[EventDate "2024.04.16"]
[EventType "swiss (blitz)"]
[EventRounds "11"]
[EventCountry "USA"]
[SourceTitle "CBM 219 Extra"]
[Source "ChessBase"]
[SourceDate "2024.05.31"]
[SourceVersion "1"]
[SourceVersionDate "2024.05.31"]
[SourceQuality "1"]

1. Nf3 Nf6 2. d4 g6 3. c4 Bg7 4. g3 0-0 5. Bg2 d6 6. 0-0 Nc6 7. Nc3 e5 8. dxe5 Nxe5 9. Nxe5 dxe5 10. Qxd8 Rxd8 11. Bg5 Rd7 12. Rad1 c6 13. b3 Rxd1 14. Rxd1 Be6 15. Na4 Nd7 16. Be7 Bf8 17. Bd6 Bxd6 18. Rxd6 Kf8 19. e3 Ke7 20. Rd2 Rc8 21. Kf1 b5 22. Nb2 Nc5 23. Ke2 b4 24. Nd3 Nxd3 25. Rxd3 c5 26. Bd5 Rd8 27. e4 Rd6 28. f4 f6 29. Kf3 Ra6 30. Rd2 Ra3 31. g4 g5 32. f5 Bd7 33. Ke2 a5 34. Rb2 a4 35. Kf2 axb3 36. axb3 Ra1 37. Kf3 h5 38. gxh5 Be8 39. h6 Bh5+ 40. Kg2 Kf8 41. Be6 Bf7 42. Rd2 Bxe6 43. fxe6 Ra6 44. h7 Kg7 45. e7 Re6 46. Rd8 1-0

[Event "Titled Tuesday intern op 16th Apr Early"]
[Site "Chess.com INT"]
[Date "2024.04.16"]
[Round "4"]
[White "Spitzl, Vinzent"]
[Black "Skvortsov, Andrei"]
[Result "1/2-1/2"]
[WhiteElo "2365"]
[BlackElo "2304"]
[PlyCount "201"]
[EventDate "2024.04.16"]
[EventType "swiss (blitz)"]
[EventRounds "11"]
[EventCountry "USA"]
[SourceTitle "CBM 219 Extra"]
[Source "ChessBase"]
[SourceDate "2024.05.31"]
[SourceVersion "1"]
[SourceVersionDate "2024.05.31"]
[SourceQuality "1"]

1. d4 g6 2. Nf3 Bg7 3. c4 e6 4. Nc3 Ne7 5. e3 d5 6. b3 c5 7. Bb2 cxd4 8. exd4 0-0 9. Be2 Nbc6 10. cxd5 exd5 11. 0-0 h6 12. h3 Nf5 13. Na4 Nd6 14. Nc5 Ne4 15. Rc1 Re8 16. Bb5 Nd6 17. Bxc6 bxc6 18. Re1 Bf5 19. Rxe8+ Qxe8 20. Qd2 Ne4 21. Nxe4 Bxe4 22. Ne5 Rc8 23. Re1 Qd8 24. Qf4 Qf6 25. Qxf6 Bxf6 26. f3 Bf5 27. g4 Bh4 28. Rc1 Bg5 29. gxf5 Bxc1 30. Bxc1 c5 31. fxg6 fxg6 32. dxc5 Rxc5 33. Bxh6 Rc2 34. Be3 Rxa2 35. Nxg6 Ra3 36. Ne7+ Kf7 37. Nxd5 a5 38. Kf2 Rxb3 39. Ke2 a4 40. Kd2 a3 41. Nc3 Ke6 42. Bd4 Rb2+ 43. Kd3 a2 44. Nxa2 Rxa2 45. Ke4 Rh2 46. f4 Rxh3 47. f5+ Kf7 48. Be3 Rh4+ 49. Ke5 Ra4 50. Bd4 Ra6 51. Ke4 Ra5 52. Kf4 Kg8 53. Kg5 Kf7 54. Bc3 Rd5 55. Bb2 Rd3 56. Be5 Re3 57. Bd4 Re2 58. Bc3 Ke7 59. Bd4 Rg2+ 60. Kf4 Kd6 61. Bc3 Rc2 62. Ba1 Ke7 63. Be5 Kf7 64. Bd4 Rg2 65. Bc3 Re2 66. Bd4 Kg8 67. Bc3 Kh7 68. Kg5 Rc2 69. Bd4 Kg8 70. Kf6 Rc4 71. Be5 Kf8 72. Ke6 Ra4 73. f6 Ra7 74. Bd6+ Ke8 75. Be7 Ra6+ 76. Kf5 Kf7 77. Ke5 Re6+ 78. Kf5 Rc6 79. Ke5 Ra6 80. Kf5 Ra1 81. Ke5 Rf1 82. Kd5 Re1 83. Kd6 Re6+ 84. Kd5 Re2 85. Kd6 Ke8 86. Kd5 Kd7 87. Kd4 Ke6 88. Kd3 Re1 89. Kd2 Rf1 90. Kd3 Rf5 91. Kd4 Rd5+ 92. Kc4 Rh5 93. Kd4 Rf5 94. Ke4 Rf1 95. Kd4 Rf2 96. Ke3 Ra2 97. Kd4 Ra5 98. Kc4 Rh5 99. Kd4 Kd7 100. Ke4 Ke6 101. Kd4 1/2-1/2

[Event "Titled Tuesday intern op 16th Apr Early"]
[Site "Chess.com INT"]
[Date "2024.04.16"]
[Round "1"]
[White "Spitzl, Vinzent"]
[Black "Suder, Jakub"]
[Result "1-0"]
[WhiteElo "2365"]
[BlackElo "2333"]
[PlyCount "95"]
[EventDate "2024.04.16"]
[EventType "swiss (blitz)"]
[EventRounds "11"]
[EventCountry "USA"]
[SourceTitle "CBM 219 Extra"]
[Source "ChessBase"]
[SourceDate "2024.05.31"]
[SourceVersion "1"]
[SourceVersionDate "2024.05.31"]
[SourceQuality "1"]

1. d4 d5 2. Nf3 Nf6 3. c4 e6 4. Nc3 a6 5. cxd5 exd5 6. Bg5 Be6 7. e3 Nbd7 8. Bd3 Bd6 9. 0-0 c6 10. Qc2 Qb8 11. Rfe1 0-0 12. h3 h6 13. Bxf6 Nxf6 14. Rad1 Re8 15. a3 Bxh3 16. gxh3 g6 17. Bxg6 Kh8 18. Bxf7 Rf8 19. Qg6 Ng8 20. Nh4 Qc7 21. Be6 Rf6 22. Qg4 h5 23. Qxh5+ Rh6 24. Qg4 Re8 25. Ng6+ Kh7 26. Bf5 Nf6 27. Qg2 Rh5 28. Bb1 Kh6 29. Kf1 Rg5 30. Qf3 Nh5 31. e4 Rxg6 32. e5 Ng3+ 33. Kg2 Ne4+ 34. Kh1 Be7 35. Nxe4 dxe4 36. Bxe4 Rg5 37. Qf7 Rg7 38. Qf4+ Bg5 39. Qf5 Ree7 40. Rg1 Ref7 41. Qg4 Qe7 42. Rdf1 Rf4 43. Qe2 Qf7 44. Rg3 Qb3 45. Rxb3 Rh4 46. Rg3 Be3 47. Rfg1 Bxf2 48. Qxf2 1-0

[Event "Titled Tuesday intern op 16th Apr Early"]
[Site "Chess.com INT"]
[Date "2024.04.16"]
[Round "8"]
[White "Vestby Ellingsen, Mads"]
[Black "Spitzl, Vinzent"]
[Result "1-0"]
[WhiteElo "2335"]
[BlackElo "2365"]
[PlyCount "115"]
[EventDate "2024.04.16"]
[EventType "swiss (blitz)"]
[EventRounds "11"]
[EventCountry "USA"]
[SourceTitle "CBM 219 Extra"]
[Source "ChessBase"]
[SourceDate "2024.05.31"]
[SourceVersion "1"]
[SourceVersionDate "2024.05.31"]
[SourceQuality "1"]

1. e4 c5 2. Nf3 d6 3. d4 cxd4 4. Nxd4 Nf6 5. Nc3 a6 6. Rg1 e5 7. Nb3 Be6 8. g4 d5 9. g5 Nxe4 10. Nxe4 dxe4 11. Qxd8+ Kxd8 12. Bg2 Nc6 13. Be3 Kc7 14. 0-0-0 Be7 15. Bxe4 Rad8 16. Nc5 Bxc5 17. Bxc5 g6 18. Rge1 Rxd1+ 19. Rxd1 Rd8 20. Rxd8 Kxd8 21. a4 Kc7 22. Kd2 Nb8 23. a5 Nd7 24. Be3 Nb8 25. b4 Nc6 26. Bc5 Kd7 27. Bg2 Bc4 28. Kc3 Be6 29. Kd3 Bf5+ 30. Kd2 Be6 31. c3 Bc4 32. Be4 Ke6 33. Ke3 Nd8 34. Bb6 Nc6 35. h4 Bb3 36. Bg2 Bc4 37. Bh3+ Kd6 38. Bc8 Bd5 39. Bxb7 Nxb4 40. Bc8 Nc6 41. Bxa6 Nb8 42. Be2 Bb7 43. c4 Na6 44. Kd2 Bc8 45. Kc3 Kc6 46. Bf3+ Kd6 47. Bd5 Be6 48. Bxe6 Kxe6 49. Kd3 f5 50. gxf6 Kxf6 51. c5 Ke6 52. Kc4 h5 53. Kb5 Nb8 54. Bc7 Nd7 55. a6 g5 56. a7 gxh4 57. a8Q h3 58. Qf3 1-0

[Event "Titled Tuesday intern op 09th Apr Late"]
[Site "Chess.com INT"]
[Date "2024.04.09"]
[Round "9"]
[White "Sairam, Pranav"]
[Black "Spitzl, Vinzent"]
[Result "0-1"]
[WhiteElo "1980"]
[BlackElo "2365"]
[PlyCount "106"]
[EventDate "2024.04.09"]
[EventType "swiss (blitz)"]
[EventRounds "11"]
[EventCountry "USA"]
[SourceTitle "EXT 2025"]
[Source "ChessBase"]
[SourceDate "2024.10.14"]
[SourceVersion "1"]
[SourceVersionDate "2024.10.14"]
[SourceQuality "1"]

1. e4 c5 2. Nf3 d6 3. d4 cxd4 4. Nxd4 Nf6 5. Nc3 a6 6. Be2 e5 7. Nb3 Be7 8. Be3 Be6 9. 0-0 0-0 10. f3 Nbd7 11. a4 Nb6 12. a5 Nc4 13. Bxc4 Bxc4 14. Rf2 Rc8 15. Nd2 Be6 16. Nf1 d5 17. Bb6 Qd7 18. exd5 Nxd5 19. Rd2 Nxc3 20. bxc3 Qc6 21. Rd3 Bf5 22. Re3 Bc5 23. Bxc5 Qxc5 24. Rb1 Rfd8 25. Qe1 Bxc2 26. Rxb7 Qxa5 27. Rxe5 Qxc3 28. Qxc3 Rxc3 29. Ree7 Bg6 30. Rb6 Ra3 31. Ra7 Bd3 32. Rd6 Re8 33. Re7 Rf8 34. Re3 Bxf1 35. Rxa3 Bb5 36. Kf2 g6 37. g4 Kg7 38. g5 Rc8 39. Rd5 Rc2+ 40. Kg3 Bf1 41. f4 Rg2+ 42. Kf3 Rxh2 43. Rda5 Bb5 44. Re3 h5 45. gxh6+ Rxh6 46. Kg3 Rh1 47. Re5 Rg1+ 48. Kf2 Rf1+ 49. Kg2 Rxf4 50. Kg3 Rb4 51. Ra3 Rd4 52. Re7 Rd3+ 53. Rxd3 Bxd3 0-1

[Event "Titled Tuesday intern op 09th Apr Early"]
[Site "Chess.com INT"]
[Date "2024.04.09"]
[Round "8"]
[White "Shandrygin, Nikita"]
[Black "Spitzl, Vinzent"]
[Result "1/2-1/2"]
[WhiteElo "2209"]
[BlackElo "2365"]
[PlyCount "124"]
[EventDate "2024.04.09"]
[EventType "swiss (blitz)"]
[EventRounds "11"]
[EventCountry "USA"]
[SourceTitle "EXT 2025"]
[Source "ChessBase"]
[SourceDate "2024.10.14"]
[SourceVersion "1"]
[SourceVersionDate "2024.10.14"]
[SourceQuality "1"]

1. e4 c5 2. Nf3 d6 3. d4 cxd4 4. Nxd4 Nf6 5. Nc3 a6 6. f3 e5 7. Nb3 Be7 8. Be3 Be6 9. Qd2 h5 10. Nd5 Nxd5 11. exd5 Bf5 12. Bd3 Bxd3 13. Qxd3 Nd7 14. c4 Bg5 15. Bf2 a5 16. 0-0 a4 17. Nd2 Bxd2 18. Qxd2 Qa5 19. Qe2 0-0 20. Rab1 Rac8 21. b4 axb3 22. axb3 Qc7 23. Rfc1 g6 24. b4 b6 25. Qd3 Kg7 26. Rc2 f5 27. Rbc1 Rfe8 28. Qb3 Kh7 29. Qa4 Kh6 30. Qb5 Kh7 31. c5 bxc5 32. bxc5 Nxc5 33. Bxc5 dxc5 34. Rxc5 Qa7 35. Kf1 Rxc5 36. Qxc5 Qxc5 37. Rxc5 Kg7 38. h4 Rd8 39. Ke2 Kf6 40. Rc6+ Kf7 41. Rc7+ Kf6 42. Rc6+ Kf7 43. d6 Rd7 44. g4 hxg4 45. fxg4 f4 46. h5 gxh5 47. gxh5 Ke6 48. Kf3 Rg7 49. Ke4 Rg5 50. h6 Rh5 51. Ra6 Rh3 52. d7+ Kxd7 53. Kxe5 f3 54. Ra1 Rxh6 55. Rf1 Rh5+ 56. Ke4 Rh4+ 57. Kxf3 Rh6 58. Ke2 Re6+ 59. Kd2 Rd6+ 60. Ke2 Re6+ 61. Kd2 Rd6+ 62. Ke2 Re6+ 1/2-1/2

[Event "Titled Tuesday intern op 09th Apr Early"]
[Site "Chess.com INT"]
[Date "2024.04.09"]
[Round "5"]
[White "Spitzl, Vinzent"]
[Black "Cardozo Munar, Carlos Eduardo"]
[Result "1-0"]
[WhiteElo "2365"]
[BlackElo "2043"]
[PlyCount "123"]
[EventDate "2024.04.09"]
[EventType "swiss (blitz)"]
[EventRounds "11"]
[EventCountry "USA"]
[SourceTitle "EXT 2025"]
[Source "ChessBase"]
[SourceDate "2024.10.14"]
[SourceVersion "1"]
[SourceVersionDate "2024.10.14"]
[SourceQuality "1"]

1. d4 d5 2. Nf3 c6 3. c4 a6 4. cxd5 cxd5 5. Nc3 Nc6 6. Bf4 Bg4 7. e3 e6 8. h3 Bh5 9. Qb3 Bxf3 10. gxf3 b5 11. Rc1 Rc8 12. Bd3 Bd6 13. Bg3 Nge7 14. 0-0 h5 15. Ne2 h4 16. Bxd6 Qxd6 17. Qa3 Qxa3 18. bxa3 Kd7 19. Bb1 Na5 20. Nf4 Nc4 21. Nd3 Kd6 22. Nc5 Rc6 23. a4 b4 24. Kg2 f5 25. Rfd1 Rhc8 26. Bd3 a5 27. Bxc4 dxc4 28. Nb7+ Kd5 29. Nxa5 c3 30. Nb3 Ra6 31. Nc5 Ra7 32. e4+ fxe4 33. fxe4+ Kc4 34. Kf3 Nc6 35. Ke3 e5 36. d5 Nd4 37. Nd3 Re7 38. Nxe5+ Rxe5 39. Rxd4+ Kc5 40. d6 Rd8 41. d7 Re7 42. Rcd1 c2 43. Rc1 Rexd7 44. Rxc2+ Kb6 45. Rxd7 Rxd7 46. e5 Ka5 47. f4 Kxa4 48. f5 Ka3 49. e6 Rb7 50. Ke4 Ra7 51. Ke5 Rb7 52. Kd6 Rb6+ 53. Kd7 Rb7+ 54. Kc8 Rb5 55. e7 Re5 56. Kd8 b3 57. axb3 Kxb3 58. Rd2 Kc3 59. Rd6 Rxf5 60. e8Q Rf3 61. Qe5+ Kc2 62. Qe4+ 1-0

[Event "Titled Tuesday intern op 09th Apr Early"]
[Site "Chess.com INT"]
[Date "2024.04.09"]
[Round "9"]
[White "Spitzl, Vinzent"]
[Black "Dinu, Dumitru Daniel"]
[Result "0-1"]
[WhiteElo "2365"]
[BlackElo "2190"]
[PlyCount "146"]
[EventDate "2024.04.09"]
[EventType "swiss (blitz)"]
[EventRounds "11"]
[EventCountry "USA"]
[SourceTitle "EXT 2025"]
[Source "ChessBase"]
[SourceDate "2024.10.14"]
[SourceVersion "1"]
[SourceVersionDate "2024.10.14"]
[SourceQuality "1"]

1. d4 Nf6 2. c4 c5 3. Nf3 cxd4 4. Nxd4 e5 5. Nc2 d5 6. Nc3 d4 7. Nb1 Nc6 8. g3 Bf5 9. Bg2 Be7 10. 0-0 0-0 11. Bg5 h6 12. Bxf6 Bxf6 13. Nd2 d3 14. exd3 Bxd3 15. Re1 Rc8 16. Ne3 e4 17. Nxe4 Bxb2 18. Nd5 Bxc4 19. Nf4 Bxa1 20. Qxa1 Qd4 21. Qb1 Rfe8 22. Rd1 Bxa2 23. Qc2 Nb4 24. Qa4 Qc4 25. Nd6 Bb3 26. Qa1 Qa6 27. Nxc8 Bxd1 28. Qxd1 Rxc8 29. h4 Rf8 30. Qd7 Qb6 31. Bxb7 a5 32. Be4 a4 33. h5 Qf6 34. Qd2 a3 35. Qxb4 a2 36. Nd5 a1Q+ 37. Kg2 Qfe5 38. Ne7+ Qxe7 39. Qxe7 Qf6 40. Qc5 Re8 41. Bf3 Qe6 42. Qd4 Qe5 43. Qg4 Qf6 44. Qc4 Re5 45. Qc8+ Kh7 46. Qc2+ Qf5 47. Qc3 Re6 48. Bd1 Qe5 49. Bc2+ g6 50. hxg6+ fxg6 51. Qc4 Re7 52. Qd3 Qf6 53. Bb3 Rg7 54. Qc4 Qe5 55. Qd3 Qe8 56. Qc4 Re7 57. Bd1 Qf8 58. Bf3 Qf7 59. Qc6 Qg7 60. Qd5 Rf7 61. Qc6 Qf8 62. Bd5 Rxf2+ 63. Kh3 Rf6 64. Qd7+ Kh8 65. Be4 h5 66. Qc7 Qf7 67. Qc8+ Kh7 68. Qb8 Qe6+ 69. Kh2 Qxe4 70. Qc7+ Kh6 71. Qc1+ g5 72. Qc8 Rf2+ 73. Kh3 Qg4+ 0-1

[Event "Titled Tuesday intern op 09th Apr Early"]
[Site "Chess.com INT"]
[Date "2024.04.09"]
[Round "1"]
[White "Spitzl, Vinzent"]
[Black "Miladinovic, Igor"]
[Result "1/2-1/2"]
[WhiteElo "2365"]
[BlackElo "2489"]
[PlyCount "205"]
[EventDate "2024.04.09"]
[EventType "swiss (blitz)"]
[EventRounds "11"]
[EventCountry "USA"]
[SourceTitle "EXT 2025"]
[Source "ChessBase"]
[SourceDate "2024.10.14"]
[SourceVersion "1"]
[SourceVersionDate "2024.10.14"]
[SourceQuality "1"]

1. e4 c5 2. Nf3 Nc6 3. d4 cxd4 4. Nxd4 Qc7 5. Nc3 e6 6. Be3 a6 7. Be2 Nf6 8. 0-0 Bb4 9. Na4 Be7 10. Nxc6 bxc6 11. Nb6 Rb8 12. Nxc8 Qxc8 13. Bd4 c5 14. Be5 Rb6 15. Qd3 0-0 16. b3 d5 17. exd5 Nxd5 18. Rad1 Bf6 19. Bxf6 Nxf6 20. Qd2 Rb4 21. Bc4 Rb6 22. a4 Re8 23. a5 Rc6 24. Qd3 Kf8 25. Rfe1 Ke7 26. h3 Rd8 27. Qg3 g6 28. Qg5 Rcd6 29. Rd3 Rxd3 30. Bxd3 Qc7 31. Re3 Qxa5 32. Rf3 Qa1+ 33. Kh2 Rd5 34. Qg3 Qe5 35. Qxe5 Rxe5 36. Bxa6 Nd5 37. Bc4 Nb4 38. Bd3 h5 39. h4 Rd5 40. Kg1 Nxd3 41. cxd3 Rd4 42. g3 Rb4 43. Kg2 f5 44. Re3 Rxb3 45. Kf3 Kf6 46. Ke2 e5 47. f4 exf4 48. gxf4 Rb4 49. Kf3 Rd4 50. Kg3 Rd8 51. Kf3 Rb8 52. Re5 Rb5 53. Rd5 Ke6 54. Re5+ Kd6 55. Re8 Rb3 56. Ke2 Rb2+ 57. Ke3 Rh2 58. Rg8 Rh3+ 59. Ke2 Rxh4 60. Rxg6+ Kd5 61. Rg5 Rxf4 62. Rxh5 Kd4 63. Rh8 Rg4 64. Rd8+ Kc3 65. Rd5 Rg2+ 66. Ke3 Rg3+ 67. Ke2 Kb4 68. Rxf5 Rh3 69. Rd5 Rh2+ 70. Ke3 Rh4 71. Ke2 Rh8 72. Re5 Rd8 73. Ke3 Rd7 74. Ke2 Rc7 75. Ke3 Kc3 76. Ke4 Rc8 77. Ke3 Kb4 78. Ke4 Rd8 79. Ke3 Rd6 80. Ke2 Kb5 81. Ke3 Kc6 82. Rf5 Rd8 83. Kd2 Ra8 84. Kc3 Ra3+ 85. Kc2 Ra4 86. Kc3 Ra3+ 87. Kc2 Kd6 88. Rh5 Ra4 89. Kc3 Rg4 90. Rh6+ Kd5 91. Rh5+ Kc6 92. Rh6+ Kb5 93. Rh5 Ra4 94. Rg5 Ra3+ 95. Kc2 Kb4 96. Rg4+ Kb5 97. Rg5 Ra2+ 98. Kc3 Ra4 99. Kc2 Ra3 100. Rh5 Kb4 101. Rh4+ Ka5 102. Rh5 Kb5 103. Rg5 1/2-1/2

[Event "Titled Tuesday intern op 09th Apr Early"]
[Site "Chess.com INT"]
[Date "2024.04.09"]
[Round "3"]
[White "Spitzl, Vinzent"]
[Black "Szente Varga, Fruzsina"]
[Result "1-0"]
[WhiteElo "2365"]
[BlackElo "2025"]
[PlyCount "63"]
[EventDate "2024.04.09"]
[EventType "swiss (blitz)"]
[EventRounds "11"]
[EventCountry "USA"]
[SourceTitle "EXT 2025"]
[Source "ChessBase"]
[SourceDate "2024.10.14"]
[SourceVersion "1"]
[SourceVersionDate "2024.10.14"]
[SourceQuality "1"]

1. d4 Nf6 2. Nf3 g6 3. c4 Bg7 4. b3 0-0 5. Bb2 c6 6. g3 d5 7. Bg2 Bg4 8. 0-0 Qd7 9. Nbd2 Bh3 10. Qc2 Na6 11. a3 Nc7 12. Ne5 Qc8 13. Rfe1 Bxg2 14. Kxg2 Nd7 15. Nef3 dxc4 16. Nxc4 h5 17. Rad1 Rd8 18. e4 c5 19. d5 b5 20. Bxg7 Kxg7 21. Nce5 Nxe5 22. Nxe5 Ne8 23. Rc1 Qa6 24. Qxc5 Nd6 25. Nc6 Re8 26. e5 Nf5 27. d6 exd6 28. exd6 b4 29. Rxe8 Rxe8 30. d7 Qe2 31. dxe8Q Qxe8 32. Qe5+ 1-0

[Event "Titled Tuesday intern op 05th Mar Late"]
[Site "Chess.com INT"]
[Date "2024.03.05"]
[Round "9"]
[White "Ambartsumova, Karina"]
[Black "Spitzl, Vinzent"]
[Result "1-0"]
[WhiteElo "2418"]
[BlackElo "2365"]
[PlyCount "67"]
[EventDate "2024.03.05"]
[EventType "swiss (blitz)"]
[EventRounds "11"]
[EventCountry "USA"]
[SourceTitle "EXT 2025"]
[Source "ChessBase"]
[SourceDate "2024.10.14"]
[SourceVersion "1"]
[SourceVersionDate "2024.10.14"]
[SourceQuality "1"]

1. d4 d5 2. c4 e6 3. Nc3 Nf6 4. cxd5 exd5 5. Bg5 Be7 6. e3 h6 7. Bh4 0-0 8. Bd3 Nbd7 9. Nf3 Re8 10. 0-0 c6 11. Qc2 Ne4 12. Bxe7 Qxe7 13. a3 Nxc3 14. bxc3 Nf6 15. c4 Be6 16. Ne5 Nd7 17. f4 Nxe5 18. fxe5 dxc4 19. Bxc4 Bxc4 20. Qxc4 Qe6 21. Qc3 Rac8 22. Rab1 b6 23. Rf4 c5 24. Qd2 Rcd8 25. Qf2 cxd4 26. exd4 Rd7 27. Rc1 Red8 28. h3 Qb3 29. Rf1 b5 30. Rg4 Qe6 31. Qg3 g6 32. Rf6 Qc4 33. e6 g5 34. exd7 1-0